| 000 | 00494nam a22001937a 4500 | ||
|---|---|---|---|
| 003 | MPLRDC | ||
| 005 | 20220104123517.0 | ||
| 008 | 210129b ||||| |||| 00| 0 eng d | ||
| 020 | _a957-9622-16-7 | ||
| 082 | _a225 LYS | ||
| 100 | _a李元松文 | ||
| 245 |
_a生命智慧的对话. 一 _c蔡琨华图 |
||
| 250 | _a初版 | ||
| 260 |
_a台湾 _b现代禅出版社 _c1994 |
||
| 300 | _b平 | ||
| 490 | _a漫画禅系列 | ||
| 650 | _a佛教佈教及信仰生活 | ||
| 942 |
_cBK _o225 LYS |
||
| 999 |
_c12003 _d11993 |
||